01675cam a22003494i 4500003000900000005001700009008004100026035001900067040003300086082001900119100002800138245008600166264004300252300002800295336002100323337002500344338002300369505080800392526001001200526001001210526001001220526001001230526000801240526000801248526000801256526000801264526000801272526000801280526000801288650002101296650000801317PE-LiUPU20250731173146.0150623s r 000 0 d a(Sirsi) a27996 aPE-LiUPUbspacPE-LiUPUerda04a234.7bW472211 aWere, Louis F.,eautor.10aPower unlimited :brighteousness by faith and the final conflict /cLois F. Were. 1aVictoria, Australia :b[s/e],c[19..]. a249 páginas ;c21 cm. atext2rdacontent aunmediated2rdamedia avolume2rdacarrier0 aThe power available. The all-seeing eye of the creator-priest. Our only hope of salvation. How power comes. How to increase the power. Christ's ceaseless ministry. Satan's powerfull attack upon christ's continual ministry. What is reghteousness by faith? "saving faith is a transactio". "Fight the good fight of faith" faith and the christian warfare. With within the veil a special last-day necessity. With Jesus when probation's. hours are closing the lord's special message. Palestine and righteousness by faith a vital las t-Day truth. The Lor's throne in jerusalen and its relation to righteousness by faith. God's government is still in Jerusalem in scriptural imagery. Palestine the strategic centre for teaching christ's righteousness. Christ's las call to hius church concerning reghteousness. aSEG42 aSEG41 aSEG40 aSEG39 aP94 aP87 aP86 aP85 aP77 aP76 aP3504aJustificación.04aFe.